Great Literature #9 - Statistics

General Stats
  • This quiz has been taken 379 times
    370 since last reset
  • The average score is 10 of 20
Answer Stats
Hint Answer % Correct
Robert Louis Stevenson Treasure Island
93%
William Shakespeare The Tempest
92%
Alexandre Dumas The Count of Monte Cristo
89%
Maya Angelou I Know Why the Caged Bird Sings
85%
anonymous Epic of Gilgamesh
68%
Aleksandr Solzhenitsyn The Gulag Archipelago
66%
Raymond Chandler The Big Sleep
64%
Herodotus The Histories
63%
Ernest Hemingway The Snows of Kilimanjaro
53%
Joseph Conrad Nostromo
44%
Ralph Waldo Emerson Self-Reliance
40%
Thomas Mann Doctor Faustus
39%
Robert Penn Warren All the King’s Men
37%
Tom Wolfe The Electric Kool-Aid Acid Test
36%
George Orwell Politics and the English Language
31%
Shelby Foote The Civil War: A Narrative
28%
Primo Levi If This Is a Man
27%
Robert Musil The Man Without Qualities
27%
Michael Herr Dispatches
20%
Will James The Principles of Psychology
17%
No matching quizzes found
Score Distribution
Percent of People with Each Score
Percentile by Number Answered
Your Score History
You have not taken this quiz since the last reset